000 01511nam a2200325Ia 4500
999 _c9814
_d9814
001 61243948
003 OCoLC
005 20241126110719.0
008 050810s1999 miu b 001 0 eng d
020 _a0310212715 (pbk.) :
020 _a9780310212713 (pbk.)
035 _a(OCoLC)61243948
040 _aABF
_cABF
_dATH
082 _a241.2
_bLAW
090 _aBT79
_b.L38 1999
090 _aBT79
_b.L38 1999
130 0 _aLaw, the gospel, and the modern Christian.
_917086
245 1 0 _aFive views on law and Gospel /
_cGreg L. Bahnsen ... [et al.].
260 _aGrand Rapids, MI :
_bZondervan,
_cc1999.
300 _a416 p. ;
_c20 cm.
490 1 _aCounterpoints
500 _aOriginally published under title: The law, the gospel, and the modern Christian, 1993.
504 _aIncludes bibliographical references and indexes.
505 0 0 _tLaw is the perfection of righteousness in Jesus Christ: a reformed perspective /
_rWillem A. Vangemeren --
_tTheonomic reformed approach to law and gospel /
_rGreg L. Bahnsen --
_tLaw as God's gracious guidance for the promotion of holiness /
_rWalter C. Kaiser --
_tInauguration of the law of Christ with the gospel of Christ: a dispensational view /
_rWayne G. Strickland --
_tLaw of Christ as the fulfillment of the law of Moses: a modified Lutheran view /
_rDouglas Moo.
650 0 _aLaw and gospel.
_9381
650 0 _aEvangelicalism.
_9178
700 1 _aBahnsen, Greg L.
_917087
830 0 _aCounterpoints (Grand Rapids, Mich.)
_91396
942 _2ddc
_cBK
_01